| 000 | 00658nam a2200217 a 4500 | ||
|---|---|---|---|
| 001 | BRL_1965 | ||
| 005 | 20190320211444.0 | ||
| 008 | 190117s1978----mx-ab#####---#000-0#spa-# | ||
| 041 | _aspa | ||
| 050 | 4 | _bA43 1978 | |
| 100 | 1 |
_aAlamo Vilaboa, Hilda Lucia _928332 |
|
| 245 | 1 | 0 | _aAlternativas para modificar las condiciones artesanales de la producción textil Cora. |
| 260 |
_aMéxico _c1978 |
||
| 300 |
_a131 p. _bil., mapas _c28 cm. |
||
| 500 | _aAu1257 | ||
| 502 | _aTesis Licenciatura (Licenciado en Diseñador Gráfico) UIA | ||
| 650 | 1 | 4 |
_aArtesanías _zMéxico _93976 |
| 650 | 1 | 4 |
_aArtesanos _zNayarit _928333 |
| 902 | _aTERL | ||
| 942 |
_2lcc _cTES |
||
| 999 |
_c10772 _d10772 |
||